New perspective in management control (Record no. 52175)

MARC details
000 -LEADER
fixed length control field 00615nam a2200181 a 4500
008 - FIXED-LENGTH DATA ELEMENTS--GENERAL INFORMATION
fixed length control field 080109s1983 ||||||||||||||||| || u
020 ## - INTERNATIONAL STANDARD BOOK NUMBER
International Standard Book Number 0333340213
050 ## - LIBRARY OF CONGRESS CALL NUMBER
Classification number HD 38 New
100 ## - MAIN ENTRY--PERSONAL NAME
Personal name Machin, John L. J
245 10 - TITLE STATEMENT
Title New perspective in management control
Statement of responsibility, etc. edited by Tony Lowe
260 ## - PUBLICATION, DISTRIBUTION, ETC.
Place of publication, distribution, etc. London
Name of publisher, distributor, etc. Macmillan
Date of publication, distribution, etc. 1983
300 ## - PHYSICAL DESCRIPTION
Extent xiii, 316p. : ill.
350 ## - PRICE (NR) (BK AM CF MU VM SE) [OBSOLETE]
Price 0.00
650 ## - SUBJECT ADDED ENTRY--TOPICAL TERM
Topical term or geographic name entry element MANAGEMENT CONTROL
650 #0 - SUBJECT ADDED ENTRY--TOPICAL TERM
Topical term or geographic name entry element MANAGEMENT
700 ## - ADDED ENTRY--PERSONAL NAME
Personal name Lowe, Tony
995 ## - RECOMMENDATION 995 [LOCAL, UNIMARC FRANCE]
-- 0.00
-- CBU-MAIN LIBRARY (Kitwe)
-- 1
-- 33.00
-- 1
-- AVAILABLE
-- Annex Low-Usage Collection
Holdings
Withdrawn status Lost status Source of classification or shelving scheme Damaged status Not for loan Home library Current library Shelving location Date acquired Total Checkouts Full call number Barcode Date last seen Price effective from Koha item type
          CBU-MAIN LIBRARY, KITWE. CBU-MAIN LIBRARY, KITWE.   11/30/2022   HD 38 New 004151 11/30/2022 11/30/2022 MONOGRAPH